000 01205nam a22002417a 4500
010 _aENG-102777 B-454015
020 _a9788125042013
_c395.00
035 _aEN-86309 B-454015
037 _bDBAD/PUB
037 _bRBC/Ven
082 _a305.800954912
100 _aKnudsen, are
_942816
245 _aViolence and belonging :
_cby Are Knudsen
_bland, love and lethal conflict in the nortwest frontier province of Pakistan /
260 _aNew Delhi
_bOrient Blackswan
_c2011
270 _a1/24, Asaf Ali Road
_bNew Delhi
_e110002
_mdelhi@orientblackswan.com
300 _axxviii,224p.:
_c24cm (pbk)
_bmap
500 _aIncludes bibliographical references and index
700 _929136
942 _2ddc
_cEN
_mKNU
_h305.800954912
999 _c53543
_d53543